| 000 | 00566nam a2200217 a 4500 | ||
|---|---|---|---|
| 999 |
_c11368 _d11368 |
||
| 001 | 11368 | ||
| 003 | BD-JhCC | ||
| 005 | 20211005134020.0 | ||
| 008 | 190902s ii |||| |||| 000 0 eng d | ||
| 035 | _a(BD-JhCC)11368 | ||
| 040 |
_aBD-JhCC _dBD-JhCC |
||
| 041 | _aeng | ||
| 082 |
_a158.1 _bHIL |
||
| 100 | _aHill, Napoleon | ||
| 245 |
_a13 keyes to success : _b13 steps to personal achievement / _cNapoleon Hill |
||
| 260 |
_aNew Delhi : _bMG Books, |
||
| 300 |
_a192 p. : _c21 cm. |
||
| 650 | _aSuccess | ||
| 650 | _aPersonal Achivement | ||
| 942 |
_2ddc _cBK _02 |
||